Statistics for Who has got the most rebounds in the NBA 2022?

Click here to take the quiz!

General Stats

  • This quiz has been taken 10 times
  • The average score is 18 of 20

Answer Stats

#HintAnswerRPG% Correct
18LakersAnthony Davis9.9
100%
15HeatBam Adebayo10.1
100%
5HawksClint Capela11.9
100%
13SunsDeAndre Ayton10.2
100%
7BucksGiannis Antetokounmpo11.6
100%
676ersJoel Embiid11.7
100%
19TimberwolvesKarl-Anthony Towns9.8
100%
2NuggetsNikola Jokic13.8
100%
10BullsNikola Vucevic11.0
100%
1JazzRudy Gobert14.7
100%
16GrizzliesSteven Adams10.0
100%
8Pelicans
Jonas Valanciunas
11.4
90%
11CavaliersJarrett Allen10.8
90%
17KnicksJulius Randle9.9
90%
9TrailblazersJusuf Nurkic11.1
90%
20CelticsRobert Williams9.6
90%
14RocketsChristian Wood10.1
80%
3KingsDamontas Sabonis12.1
80%
12MagicWendell Carter Jr10.5
80%
4ThunderJaylen Hoard12.0
10%

Score Distribution

Percentile by Number Answered

Percent of People with Each Score

Your Score History

You have not taken this quiz